La historia de Roma en 21 mujeres.
Sparad:
| Huvudupphovsman: | |
|---|---|
| Övriga upphovsmän: | |
| Materialtyp: | Okänd |
| Publicerad: |
Barcelona, España:
Pasado y Presente, S.L.
2024.
|
| Ämnen: | |
| Taggar: |
Lägg till en tagg
Inga taggar, Lägg till första taggen!
|
MARC
| LEADER | 00000 a2200000 4500 | ||
|---|---|---|---|
| 003 | CL-VaPUC | ||
| 005 | 20241024110227.0 | ||
| 008 | 241014t2024 ||||| |||| 00| 0 eng d | ||
| 999 | |c 445106 |d 445104 | ||
| 020 | |a 978-84-127915-2-5 | ||
| 040 | |c Pontificia Universidad Católica de Valparaíso | ||
| 082 | |a 937.06082 SOU 2024 |2 22 | ||
| 100 | |a Southon, Emma |9 892242 |e autora | ||
| 245 | 1 | 3 | |a La historia de Roma en 21 mujeres. |
| 260 | |a Barcelona, España: |b Pasado y Presente, S.L. |c 2024. | ||
| 300 | |a 442 páginas. | ||
| 583 | |k Gabriela Rodríguez Cuevas |c 20241014 | ||
| 650 | 0 | |9 257649 |a Mujeres |x Imperio Romano |x Historia Antigua | |
| 651 | |a Roma |x Mujeres |x Historia |9 892311 | ||
| 700 | |9 892268 |a Figueras, Marc |e traductor | ||
| 942 | |2 ddc |c BK | ||
| 952 | |0 0 |1 0 |2 ddc |4 0 |6 937_060820000000000_SOU_2024 |7 0 |8 A |9 597329 |a BIBHIS |b BIBHIS |d 2024-10-11 |e 36 |g 28434.00 |i 5663014 |o 937.06082 SOU 2024 |p 5663014 |r 2025-01-20 |t 1 |v 28434.00 |w 2024-10-11 |y BK |k HIS | ||